Focus on nursing pharmacology/ (Record no. 1705)

MARC details
000 -LEADER
fixed length control field 00767nam a22002537a 4500
003 - CONTROL NUMBER IDENTIFIER
control field OSt
005 - DATE AND TIME OF LATEST TRANSACTION
control field 20250814024003.0
008 - FIXED-LENGTH DATA ELEMENTS--GENERAL INFORMATION
fixed length control field 240701b |||||||| |||| 00| 0 eng d
020 ## - INTERNATIONAL STANDARD BOOK NUMBER
International Standard Book Number 9781975235055
040 ## - CATALOGING SOURCE
Original cataloging agency DWCL-Main Lib.
Transcribing agency OC
082 ## - DEWEY DECIMAL CLASSIFICATION NUMBER
Classification number Circ. 615.1 K18 2023
100 ## - MAIN ENTRY--PERSONAL NAME
Personal name Krach, Amy Marrison
245 ## - TITLE STATEMENT
Title Focus on nursing pharmacology/
Statement of responsibility, etc. Amy Marrison Krach [and two others]
250 ## - EDITION STATEMENT
Edition statement 9th edition
260 ## - PUBLICATION, DISTRIBUTION, ETC.
Place of publication, distribution, etc. Philedaphia :
Name of publisher, distributor, etc. Wolters Kluwer,
Date of publication, distribution, etc. c2023.
300 ## - PHYSICAL DESCRIPTION
Extent xiv, 1153 pages :
Other physical details illustrations ;
Dimensions 26cm.
504 ## - BIBLIOGRAPHY, ETC. NOTE
Bibliography, etc. note Includes index.
650 ## - SUBJECT ADDED ENTRY--TOPICAL TERM
Topical term or geographic name entry element 1. Pharmacology.
650 ## - SUBJECT ADDED ENTRY--TOPICAL TERM
Topical term or geographic name entry element 2. Nursing.
650 ## - SUBJECT ADDED ENTRY--TOPICAL TERM
Topical term or geographic name entry element 3. Chemotherapy.
700 ## - ADDED ENTRY--PERSONAL NAME
Personal name Tucker, Rebecca G.
700 ## - ADDED ENTRY--PERSONAL NAME
Personal name Schweighart, Anne
942 ## - ADDED ENTRY ELEMENTS (KOHA)
Source of classification or shelving scheme Dewey Decimal Classification
Koha item type Book Circulation
Call number prefix Circ.
Suppress in OPAC No
Edition 9th edition
952 ## - LOCATION AND ITEM INFORMATION (KOHA)
--
952 ## - LOCATION AND ITEM INFORMATION (KOHA)
--
952 ## - LOCATION AND ITEM INFORMATION (KOHA)
--
Holdings
Withdrawn status Lost status Source of classification or shelving scheme Damaged status Not for loan Home library Current library Shelving location Date acquired Source of acquisition Total Checkouts Full call number Barcode Date last seen Copy number Price effective from Koha item type Uniform Resource Identifier
    Dewey Decimal Classification     HM & Nursing Library HM & Nursing Library Circulation 10/03/2023 School Fund   Circ. 615.1 K18 2023 HNL53954 07/01/2024 c1 07/01/2024 BK-CIRC
    Dewey Decimal Classification     HM & Nursing Library HM & Nursing Library Circulation 10/03/2023 School Fund   Circ. 615.1 K18 2023 HNL53955 07/01/2024 c2 07/01/2024 BK-CIRC
    Dewey Decimal Classification     HM & Nursing Library HM & Nursing Library Circulation 10/03/2023 School Fund   Circ. 615.1 K18 2023 HNL53956 07/01/2024 c3 07/01/2024 BK-CIRC